<?xml version="1.0" encoding="UTF-8"?>
<collection xmlns="http://www.loc.gov/MARC21/slim">
  <record>
    <leader>00000nam  2200000   4500</leader>
    <controlfield tag="001">INLIS000000000017225</controlfield>
    <controlfield tag="005">20240830103834</controlfield>
    <datafield tag="035" ind1="#" ind2="#">
      <subfield code="a">0010-0624000128</subfield>
    </datafield>
    <controlfield tag="007">ta</controlfield>
    <controlfield tag="008">240830################|##########|#|##</controlfield>
    <datafield tag="084" ind1="#" ind2="#">
      <subfield code="a">R 009 PKA 2023</subfield>
    </datafield>
    <datafield tag="100" ind1=" " ind2="#">
      <subfield code="a">Enjang Muhidin</subfield>
    </datafield>
    <datafield tag="245" ind1="1" ind2="#">
      <subfield code="a">Strategi Peningkatan Kinerja Layanan Melalui Pembangunan Jaringan Dokumentasi dan Informasi Kode Etik Penyelenggara Pemilu (JDIKEPP) Pada Dewan Kehormatan Penyelenggara Pemilu /</subfield>
      <subfield code="c">Enjang Muhidin</subfield>
    </datafield>
    <datafield tag="260" ind1="#" ind2="#">
      <subfield code="a">Jakarta :</subfield>
      <subfield code="b">Pusbangkom Pimnas dan Manajerial ASN,</subfield>
      <subfield code="c">2022</subfield>
    </datafield>
    <datafield tag="300" ind1="#" ind2="#">
      <subfield code="a">71 halaman ;</subfield>
      <subfield code="c">30 cm</subfield>
    </datafield>
    <datafield tag="650" ind1="#" ind2="4">
      <subfield code="a">Kode Etik</subfield>
    </datafield>
    <datafield tag="650" ind1="#" ind2="4">
      <subfield code="a">Jaringan Dokumentadi dan Informasi</subfield>
    </datafield>
    <datafield tag="520" ind1="#" ind2="#">
      <subfield code="a">Mengaplikasikan target dan capaian berlandaskan teori, pembelajaran (lessin learned) tentang organisasi dan kepemimpinan, strategi komunikasi, pemetaan stakeholders (internal dan eksternal), sebagai daya ukur kendala, resiko, solusi analisa keberhasilan dan pengembangan. JDIKEPP diharapkan menjadi kanal gigital bagi pencari keadilan etika (ethical justice seeker), khususnya stakeholders pemilu, para pemerhati pemilu, sekaligus menjadi laman khusus pengelolaan Dokumen Putusan Perkara Penegakkan Kode Etik Pengelenggara Pemilu yang dapatdimanfaatkan untuk studi literasi bagi ilmuan, peneliti, , maupun akademisi, dan menjadi studi comparasi bagi peradilan-peradilan kode etik Indonesia</subfield>
    </datafield>
    <datafield tag="856" ind1="#" ind2="#">
      <subfield code="a">Perpustakaan LAN Pusat</subfield>
    </datafield>
    <datafield tag="990" ind1="#" ind2="#">
      <subfield code="a">24.06.009</subfield>
    </datafield>
  </record>
</collection>
